[Event "Saint Affrique op 22nd"]
[Site "Saint Affrique"]
[Date "2014.07.25"]
[Round "8.19"]
[White "Nguyen, Gael"]
[Black "El Mchaouri Mas, Younes"]
[Result "0-1"]
[WhiteElo "1670"]
[BlackElo "2049"]
[PlyCount "67"]
[EventDate "2014.07.19"]
[EventType "swiss"]
[EventRounds "9"]
[EventCountry "FRA"]
[SourceTitle "CBM 161 Extra"]
[Source "ChessBase"]
[SourceDate "2014.08.29"]
[SourceVersion "1"]
[SourceVersionDate "2014.08.29"]
[SourceQuality "1"]

1. d4 Nf6 2. c4 g6 3. Nc3 Bg7 4. e4 d6 5. Be2 0-0 6. Nf3 e5 7. 0-0 exd4 8. Nxd4 Re8 9. f3 c6 10. Be3 d5 11. cxd5 Nxd5 12. Nxd5 cxd5 13. Nc2 dxe4 14. Qxd8 Rxd8 15. Rad1 Rxd1 16. Rxd1 Nc6 17. fxe4 Bxb2 18. Bc4 Be5 19. Bh6 Bg4 20. Rf1 Be6 21. Bxe6 fxe6 22. Bg5 Rf8 23. Rd1 Bf4 24. Bh4 g5 25. Bf2 Bxh2+ 26. Kxh2 Rxf2 27. Ne3 Ne5 28. Rd8+ Rf8 29. Rd6 Kf7 30. Nc2 Ke7 31. Rd2 h5 32. Nb4 Rf4 33. Rc2 Ng4+ 34. Kg1 0-1

[Event "FRA-chT3 Gr12 0304"]
[Site "Loire"]
[Date "2004.01.18"]
[Round "4.8"]
[White "Nguyen, Gael"]
[Black "Ortega, Ludovic"]
[Result "1-0"]
[WhiteElo "1790"]
[BlackElo "1630"]
[PlyCount "45"]
[EventDate "2003.10.12"]
[EventType "team"]
[EventRounds "9"]
[EventCountry "FRA"]
[SourceTitle "EXT 2008"]
[Source "ChessBase"]
[SourceDate "2007.11.25"]
[SourceVersion "1"]
[SourceVersionDate "2007.11.25"]
[SourceQuality "1"]

1. d4 d5 2. c4 Nf6 3. Nc3 e6 4. Nf3 Nbd7 5. Bf4 c6 6. e3 Be7 7. Bd3 Nh5 8. Bg3 Nxg3 9. hxg3 h6 10. Qc2 Bf6 11. e4 e5 12. dxe5 Nxe5 13. Nxe5 Bxe5 14. exd5 cxd5 15. Nxd5 Be6 16. Rd1 Bxd5 17. cxd5 Qxd5 18. Rh5 Bc3+ 19. Qxc3 Qxh5 20. Qxg7 Rf8 21. Qd4 a6 22. Qe4+ Kd8 23. Be2+ 1-0